000 00728cam a2200217 4500500
005 20260329001552.0
041 _afre
042 _adc
100 1 0 _aKeller, Alexis
_eauthor
700 1 0 _aLegros, Martin
_eauthor
245 0 0 _aAlexis Keller : « Pour savoir jusqu’où l’autre peut aller, il faut savoir jusqu’où son identité lui permet d’aller »
260 _c2008.
500 _a73
690 _aConflit
690 _aIsraël
690 _aJérusalem
690 _aMoyen-Orient
690 _aPalestine
786 0 _nPhilosophie magazine | 17 | 3 | 2008-03-01 | p. 15-15 | 1951-1787
856 4 1 _uhttps://shs.cairn.info/magazine-philosophie-magazine-2008-3-page-15?lang=fr&redirect-ssocas=7080
999 _c1806626
_d1806625